00779cam a22002417a 4500003000500000005001700005008004100022010001000063011001000073022001400083035001100097040000900108082002000117110007900137245004700216260004100263300003700304490004000341650004000381650003400421650004200455830004000497CHAP20220329143509.0100222s2008 mx a rs 00010 spa d a97571 a985430 a0187-490X a109228 cCHAP04a622.98bI5 20082 aInstituto Nacional de Estadística, Geografía e Informática. México13aLa minería en México, 2008c/por INEGI aAguascalientes, Ags. :bINEGI,c2008 axiv, 144 p. :bcuadros, gráfs. aSerie de estadísticas sectoriales14aIndustrias minerasxEstadísticas.14aIndustrias mineraszMéxico.14aMinas y recursos mineralesxMéxico. aSerie de estadísticas sectoriales